Nevšedná kreativita

Bibliographic Details
Main Author: Červeňák, Andrej, 1932-2012 (Author)
Format: Article
Language:Slovak
ISSN:0862-5999
Subjects:

MARC

LEADER 00000nab a2200000 a 4500
001 vtls009353937
003 SK-MaSNL
005 20260304013717.0
008 140422c2008 xo ||||||o| ||00 b|slo
015 |a SNBRB2008/10  |2 snkbucl 
038 |a SNKBUCL 
040 |a SNKBUCL  |b slo  |c SNKBUCL  |e AACR2 
041 0 |a slo 
044 |a xo  |c SK 
080 |a 82.09:821.162.4-1  |x (048)  |2 1997 
080 |a 821.162.4-1  |x (048)  |2 1997 
100 1 |a Červeňák, Andrej,  |d 1932-2012  |4 aut  |9 153402 
245 1 0 |a Nevšedná kreativita  |c Andrej Červeňák 
650 0 7 |a slovenská poézia  |2 snkbucl  |9 215422 
655 7 |a recenzie  |2 snkbucl  |9 21907 
773 0 |t Literárny (dvoj)týždenník  |g Roč. XXI, č. 29-30 (2008), s. 12  |x 0862-5999 
787 0 8 |i Rec.:  |a Janík, Pavol  |t Zašifrovaná jeseň  |d Bratislava : CCW, 2007  |z 9788089166213 
852 |a SNK  |b KIS3GCP 
958 |a LX 
958 |a RC 
999 |c 2577613  |d 2579543